[Event "V Open Alta Padovana B"]
[Site "Loreggia ITA"]
[Date "2005.02.27"]
[Round "4"]
[White "Bonollo, Sergio"]
[Black "Porta, Federico"]
[Result "1/2-1/2"]
[WhiteElo "1859"]
[BlackElo "1781"]
[PlyCount "119"]
[EventDate "2005.02.25"]

1. e4 d5 2. exd5 Qxd5 3. Nc3 Qa5 4. d4 Nf6 5. Nf3 Bf5 6. Bd3 c6 7. O-O Nbd7 8.
a3 e6 9. Re1 Bg4 10. h3 Bh5 11. Bf4 Be7 12. b4 Qd8 13. Ne4 Nxe4 14. Bxe4 Nf6
15. c3 O-O 16. Qe2 Nd5 17. Bxd5 cxd5 18. g4 Bg6 19. Ne5 Rc8 20. Bd2 Bg5 21. f4
Bh4 22. Nxg6 Bxe1 23. Nxf8 Bxd2 24. Qxd2 Kxf8 25. g5 Rc6 26. Qc2 Kg8 27. Rf1
Qc7 28. Rf3 Rc4 29. Qb2 Rc6 30. Kg2 Qb6 31. f5 exf5 32. Rxf5 Rg6 33. Qb3 h6 34.
Qxd5 Rxg5+ 35. Rxg5 hxg5 36. c4 a6 37. Kg3 Qg6 38. Qe5 Qh6 39. Qe8+ Kh7 40.
Qe4+ Kg8 41. c5 Qf6 42. Kg2 g6 43. a4 Qd8 44. Qe5 Qd7 45. a5 f6 46. Qe4 Kg7 47.
d5 Qa4 48. d6 Qa2+ 49. Kf1 Qa1+ 50. Ke2 Qb2+ 51. Kf1 Qa1+ 52. Kg2 Qb2+ 53. Kh1
Qa1+ 54. Kh2 Qb2+ 55. Kg1 Qa1+ 56. Kf2 Qb2+ 57. Ke1 Qa1+ 58. Kd2 Qb2+ 59. Ke1
Qa1+ 60. Kf2 {...} 1/2-1/2

[Event "V Open Alta Padovana B"]
[Site "Loreggia ITA"]
[Date "2005.02.27"]
[Round "4"]
[White "Bufalo, Fabrizio"]
[Black "Menin, Massimo"]
[Result "1-0"]
[WhiteElo "1596"]
[BlackElo "1538"]
[PlyCount "79"]
[EventDate "2005.02.25"]

1. d4 d5 2. Nf3 Nf6 3. e3 c6 4. c4 e6 5. Nc3 Be7 6. Bd3 O-O 7. Qe2 dxc4 8. Bxc4
b5 9. Bd3 b4 10. Na4 a5 11. Bd2 Bb7 12. Rc1 Ba6 13. O-O Bxd3 14. Qxd3 Na6 15.
Rxc6 Qd5 16. Rxa6 Rxa6 17. Qxa6 Ra8 18. Qd3 Qxa2 19. b3 Rc8 20. Rc1 Rd8 21. Qc2
Qxc2 22. Rxc2 Ne4 23. Kf1 f6 24. Ke2 g5 25. h3 h5 26. Ne1 g4 27. hxg4 hxg4 28.
f3 Ng3+ 29. Kf2 Nh1+ 30. Kg1 Ng3 31. Nd3 gxf3 32. gxf3 Kf7 33. Be1 Rg8 34. Rg2
Ne2+ 35. Kf2 Nxd4 36. Rxg8 Nxb3 37. Rb8 e5 38. Rb7 Na1 39. Bxb4 axb4 40. Nxb4
1-0

[Event "V Open Alta Padovana B"]
[Site "Loreggia ITA"]
[Date "2005.02.27"]
[Round "4"]
[White "Dal Maschio, Costantino"]
[Black "Bressan, Marco"]
[Result "1-0"]
[WhiteElo "1844"]
[BlackElo "1587"]
[PlyCount "101"]
[EventDate "2005.02.25"]

1. e4 d6 2. d4 Nf6 3. Bd3 c6 4. c4 e5 5. d5 cxd5 6. cxd5 Be7 7. Nf3 Bg4 8. O-O
Nbd7 9. Nc3 O-O 10. Be3 b6 11. h3 Bh5 12. b4 a5 13. b5 Nc5 14. Bxc5 bxc5 15. a4
Nd7 16. Be2 Bg6 17. Nd2 Nb6 18. Nc4 f5 19. f3 f4 20. Nb1 Nxc4 21. Bxc4 Qb8 22.
Nd2 Bd8 23. Bb3 Bb6 24. Nc4 Kf7 25. Qe1 Qd8 26. Kf2 Ke8 27. Ke2 Kd7 28. g3 Kc7
29. g4 Bf7 30. h4 g5 31. hxg5 Qxg5 32. Rh1 Bg6 33. Qh4 Qxh4 34. Rxh4 Rf7 35.
Rah1 Rb8 36. Rh6 Rg8 37. Kf2 Rgg7 38. Bd1 Rg8 39. Be2 Rgg7 40. Bf1 Re7 41. Bh3
Ref7 42. g5 Re7 43. Be6 Re8 44. Ke2 Ree7 45. Kf2 Re8 46. Bf5 Reg8 47. Bxg6 hxg6
48. Rh8 Rxh8 49. Rxh8 Rf7 50. Rg8 Rh7 51. Kg2 1-0

[Event "V Open Alta Padovana B"]
[Site "Loreggia ITA"]
[Date "2005.02.27"]
[Round "4"]
[White "De Minico, Nicola"]
[Black "Tencheni, Maurizio"]
[Result "1/2-1/2"]
[WhiteElo "1646"]
[BlackElo "1551"]
[PlyCount "77"]
[EventDate "2005.02.25"]

1. e4 c5 2. f4 Nc6 3. c3 Nf6 4. e5 Nd5 5. d4 d6 6. Nf3 Bg4 7. Be2 Qd7 8. Na3 a6
9. c4 Nc7 10. O-O Rb8 11. h3 Bxf3 12. Bxf3 Nxd4 13. Bg4 e6 14. Qe1 Be7 15. Bd2
O-O 16. Bc3 Nf5 17. Rd1 d5 18. b3 d4 19. Qe4 Rfd8 20. Nc2 b5 21. Ba5 bxc4 22.
bxc4 Rb2 23. a3 Rxc2 24. Qxc2 Ne3 25. Qe4 Nxd1 26. Rxd1 f5 27. exf6 Bxf6 28.
Bxc7 Qxc7 29. Bxe6+ Kh8 30. Bd5 Rf8 31. Rd3 Qe7 32. Be6 g6 33. g4 Bg7 34. f5
gxf5 35. gxf5 Qg5+ 36. Kh2 Qc1 37. Rg3 Qd2+ 38. Qg2 Qxg2+ 39. Rxg2 1/2-1/2

[Event "V Open Alta Padovana B"]
[Site "Loreggia ITA"]
[Date "2005.02.27"]
[Round "4"]
[White "Molena, Paolo"]
[Black "Gerundino, Nicola"]
[Result "0-1"]
[WhiteElo "1541"]
[BlackElo "1826"]
[PlyCount "84"]
[EventDate "2005.02.25"]

1. Nf3 d5 2. g3 Nf6 3. Bg2 c6 4. d4 Bf5 5. Nc3 h6 6. O-O e6 7. Bf4 Nbd7 8. Nd2
g5 9. Be5 Nxe5 10. dxe5 Nd7 11. e4 dxe4 12. Ndxe4 Nxe5 13. Qxd8+ Rxd8 14. Rad1
Be7 15. Rxd8+ Kxd8 16. b3 Kc7 17. Ne2 Rd8 18. h3 Bxe4 19. Bxe4 Rd2 20. Nc3 f5
21. Bd3 Nxd3 22. cxd3 Rxd3 23. Rc1 Bf6 24. Nb1 Bd4 25. Kg2 Kd6 26. Rc2 e5 27.
Nd2 b5 28. Kf1 Rc3 29. Rxc3 Bxc3 30. Ke2 Bxd2 31. Kxd2 c5 32. a3 a5 33. g4 f4
34. f3 Kd5 35. Kd3 e4+ 36. fxe4+ Ke5 37. a4 b4 38. Kc4 Kxe4 39. Kxc5 f3 40. Kb5
f2 41. Kxa5 f1=Q 42. Kxb4 Qa6 0-1

[Event "V Open Alta Padovana B"]
[Site "Loreggia ITA"]
[Date "2005.02.27"]
[Round "4"]
[White "Mosca, Giulia"]
[Black "Mihalcea, Vasile"]
[Result "0-1"]
[WhiteElo "1587"]
[BlackElo "1661"]
[PlyCount "67"]
[EventDate "2005.02.25"]

1. e4 e5 2. Nf3 Nc6 3. Bb5 Nge7 4. O-O d6 5. h3 a6 6. Ba4 b5 7. Bb3 Na5 8. c3
Qd7 9. d3 Ng6 10. Be3 Be7 11. Nbd2 f6 12. d4 Rb8 13. a4 f5 14. dxe5 f4 15. Bd4
dxe5 16. Bxe5 Nxe5 17. Nxe5 Qd6 18. Nf7 Qf6 19. Nxh8 g5 20. Qh5+ Kd7 21. Qxh7
Kc6 22. Bd5+ Kb6 23. Qg6 g4 24. hxg4 c6 25. Qxf6 Bxf6 26. Ng6 cxd5 27. Nxf4 Bg5
28. g3 Bxg4 29. exd5 Nc4 30. Nxc4+ bxc4 31. Rfe1 Rh8 32. Kg2 Rg8 33. Ne6 Bh3+
34. Kg1 0-1

[Event "V Open Alta Padovana B"]
[Site "Loreggia ITA"]
[Date "2005.02.27"]
[Round "4"]
[White "Omeri, Silvan"]
[Black "Sanavio, Giancarlo"]
[Result "0-1"]
[WhiteElo "1600"]
[BlackElo "1685"]
[PlyCount "99"]
[EventDate "2005.02.25"]

1. c4 e5 2. Nc3 Nc6 3. g3 Bc5 4. Bg2 d6 5. a3 a5 6. e3 Nf6 7. Nd5 Nxd5 8. cxd5
Ne7 9. Ne2 O-O 10. Nc3 f5 11. f4 Ng6 12. O-O exf4 13. gxf4 Qh4 14. Qf3 Bd7 15.
b3 Qh6 16. Qh3 Nh4 17. Kh1 Rf6 18. Bb2 Rg6 19. Rf2 Rg4 20. Bf3 Rxf4 21. d4 Rxf3
22. Rxf3 Nxf3 23. Qxf3 Ba7 24. Rg1 Re8 25. Rg3 f4 26. exf4 Bxd4 27. Kg2 Re3 28.
Qxe3 Bxe3 29. Rxe3 Qxf4 30. Bc1 Qf5 31. Bd2 h5 32. Kg1 c6 33. Rg3 g6 34. h4
cxd5 35. Be3 Bc6 36. Ne2 Qb1+ 37. Kf2 Qf5+ 38. Rf3 Qg4 39. Rf4 Qh3 40. Nd4 Qh2+
41. Ke1 Qh3 42. Kd2 Bd7 43. Rf6 Kg7 44. Bg5 Qg2+ 45. Kd3 Bf5+ 46. Nxf5+ gxf5
47. Re6 Qf3+ 48. Kd4 Qxb3 49. Be7 f4 50. Bxd6 0-1

[Event "V Open Alta Padovana B"]
[Site "Loreggia ITA"]
[Date "2005.02.27"]
[Round "4"]
[White "Paris, Giorgio"]
[Black "Basso, Piergiorgio"]
[Result "1-0"]
[WhiteElo "1849"]
[BlackElo "1700"]
[PlyCount "40"]
[EventDate "2005.02.25"]

1. e4 c5 2. Nf3 d6 3. d4 cxd4 4. Qxd4 Nc6 5. Bb5 Bd7 6. Bxc6 Bxc6 7. Nc3 e6 8.
Bg5 Nf6 9. O-O-O Be7 10. Rhe1 O-O 11. e5 Ne8 12. Bxe7 Qxe7 13. exd6 Qd7 14. Ne5
Qd8 15. Nxc6 bxc6 16. d7 Nf6 17. Ne4 Qb6 18. Nxf6+ gxf6 19. Qxf6 Qd8 20. Qxd8
Rfxd8 1-0

[Event "V Open Alta Padovana B"]
[Site "Loreggia ITA"]
[Date "2005.02.27"]
[Round "4"]
[White "Quaranta, Gaetano"]
[Black "Zanetto, Marco"]
[Result "0-1"]
[WhiteElo "1751"]
[BlackElo "1691"]
[PlyCount "123"]
[EventDate "2005.02.25"]

1. e4 e5 2. Nf3 Nc6 3. Bc4 Nf6 4. Ng5 d5 5. exd5 Nd4 6. d6 Qxd6 7. Bxf7+ Ke7 8.
Bb3 Nxb3 9. axb3 h6 10. Nf3 e4 11. Qe2 Kf7 12. Ng1 Bg4 13. Qe3 Nd5 14. Qd4 Qc5
15. Qxc5 Bxc5 16. Ne2 Rhf8 17. h3 Bh5 18. Ng3 Bg6 19. O-O Kg8 20. c4 Nb4 21.
Nc3 Rae8 22. Nb5 c6 23. Nc3 Nd3 24. Nd1 h5 25. Ne3 h4 26. Ne2 Bh5 27. Nc3 Rf4
28. Ra5 b6 29. Rxa7 Ref8 30. Ra1 Nxf2 31. Kh2 Nxh3 32. Rxf4 Nxf4 33. Nxe4 Bd4
34. Nc2 Be5 35. d4 Bc7 36. Kh1 Nxg2 37. Bg5 Bf3 38. Nd2 h3 39. Nxf3 Rxf3 40. d5
cxd5 41. Nd4 Rf2 42. cxd5 Be5 43. Nb5 Nf4 44. d6 Ne6 45. d7 Rh2+ 46. Kg1 Rg2+
47. Kf1 Rxg5 48. Kf2 Rg2+ 49. Kf1 Kf7 50. Na7 Bd4 51. Ra4 Rg1+ 52. Ke2 h2 53.
Rxd4 Nxd4+ 54. Ke3 Rg3+ 55. Kxd4 Ke7 56. Nc6+ Kxd7 57. Ne5+ Ke6 58. Nd3 h1=Q
59. Nf4+ Kd6 60. Nd3 Qh3 61. Kc4 Rg4+ 62. Kc3 0-1

[Event "V Open Alta Padovana B"]
[Site "Loreggia ITA"]
[Date "2005.02.27"]
[Round "4"]
[White "Reginato, Sabrina"]
[Black "Pomaro, Stefano"]
[Result "0-1"]
[WhiteElo "1637"]
[BlackElo "1723"]
[PlyCount "114"]
[EventDate "2005.02.25"]

1. e4 c6 2. d4 d5 3. e5 Bf5 4. Bd3 Bxd3 5. Qxd3 e6 6. c3 Qb6 7. Nf3 c5 8. a3
Nc6 9. b4 c4 10. Qc2 a5 11. Bb2 Nh6 12. O-O Be7 13. Re1 a4 14. Nbd2 Qa6 15. Nf1
b5 16. Ng3 O-O-O 17. h3 Rdg8 18. Nh2 Qb6 19. Rf1 Bh4 20. Bc1 Nxe5 21. dxe5 Bxg3
22. Be3 Bxh2+ 23. Kxh2 Qd8 24. Qd2 Qh4 25. f3 Nf5 26. Bf2 Qh6 27. Qd1 Qf4+ 28.
g3 Qxe5 29. Qd2 h5 30. f4 Qc7 31. Kg2 Nd6 32. Qe3 Ne4 33. Bg1 g5 34. Bh2 gxf4
35. Rxf4 f5 36. Rd1 Rh7 37. Kh1 Rhg7 38. Rg1 Rg6 39. h4 Rg4 40. Rf3 f4 41. Rxf4
Rxf4 42. gxf4 Rxg1+ 43. Kxg1 Qg7+ 44. Kf1 Qxc3 45. Qxc3 Nxc3 46. Ke1 Ne4 47.
Bg1 Kd7 48. Ke2 Ke7 49. Bd4 Kf7 50. Ke3 Kg6 51. Kf3 Kf5 52. Be5 c3 53. Ke3 c2
54. Bb2 Kg4 55. Bc1 Kxh4 56. Kd3 Kg4 57. Kxc2 h4 0-1

[Event "V Open Alta Padovana B"]
[Site "Loreggia ITA"]
[Date "2005.02.27"]
[Round "4"]
[White "Scandiuzzi, Roberto"]
[Black "Demiraj, Rumi"]
[Result "0-1"]
[WhiteElo "1560"]
[BlackElo "1967"]
[PlyCount "78"]
[EventDate "2005.02.25"]

1. Nf3 f5 2. d4 Nf6 3. c4 d6 4. Qc2 g6 5. Nc3 Bg7 6. e3 O-O 7. Be2 b6 8. O-O
Bb7 9. Ng5 Qd7 10. Bf3 c6 11. e4 h6 12. Nh3 e6 13. exf5 gxf5 14. Re1 Na6 15. a3
Nc7 16. Bd2 d5 17. cxd5 cxd5 18. Nf4 Ne4 19. Ng6 Rfc8 20. Ne5 Bxe5 21. dxe5 Qg7
22. Bf4 Nb5 23. Bxe4 fxe4 24. Re3 Nd4 25. Qd1 Nf5 26. Rh3 d4 27. Nb5 e3 28. Bg3
exf2+ 29. Kxf2 Bxg2 30. Nxd4 Bxh3 31. Nxe6 Qf7 32. Nf4 Nxg3 33. Kxg3 Bf5 34.
Qf3 Qg7+ 35. Kf2 Qxe5 36. Rg1+ Kh8 37. Ng6+ Bxg6 38. Rxg6 Rf8 39. Rxh6+ Kg7 0-1

[Event "V Open Alta Padovana B"]
[Site "Loreggia ITA"]
[Date "2005.02.27"]
[Round "4"]
[White "Scarangella, Luca"]
[Black "De Vries, Bernhard"]
[Result "0-1"]
[WhiteElo "1497"]
[BlackElo "1604"]
[PlyCount "124"]
[EventDate "2005.02.25"]

1. d4 d5 2. c4 c6 3. e3 Nf6 4. Nf3 Bg4 5. Be2 Nbd7 6. Nc3 e6 7. O-O Bd6 8. c5
Bc7 9. b4 b5 10. cxb6 axb6 11. Bb2 O-O 12. b5 c5 13. Re1 c4 14. a4 Re8 15. Ng5
Bxe2 16. Rxe2 Bxh2+ 17. Kxh2 Ng4+ 18. Kg1 Qxg5 19. f3 Ngf6 20. Ba3 h5 21. Bd6
h4 22. Raa2 Nh5 23. Qe1 Ng3 24. Rf2 f5 25. Bxg3 hxg3 26. Rfc2 Qh4 27. f4 Qh2+
28. Kf1 Qh1+ 29. Ke2 Qxg2+ 30. Kd1 Qf3+ 31. Kc1 Nf6 32. Rg2 Nh5 33. Qe2 Qxe2
34. Nxe2 Ra5 35. Kb2 Kf7 36. Kc3 Kf6 37. Nxg3 Nxg3 38. Rxg3 Rh8 39. Kb4 Rh1 40.
Rgg2 Rb1+ 41. Kc3 Rb3+ 42. Kc2 Rb4 43. Kc1 Rbxa4 44. Rxa4 Rxa4 45. Rb2 Ra3 46.
Kd1 Rxe3 47. Kc1 Re4 48. Ra2 Rxd4 49. Ra6 Rxf4 50. Rxb6 Rf3 51. Ra6 Rb3 52. b6
f4 53. Kc2 f3 54. Kd2 c3+ 55. Kc2 Rb5 56. Kxc3 g5 57. Kd2 g4 58. Ke3 Kf5 59.
Kf2 Rb2+ 60. Kf1 g3 61. Ke1 g2 62. b7 g1=Q# 0-1

[Event "V Open Alta Padovana B"]
[Site "Loreggia ITA"]
[Date "2005.02.27"]
[Round "4"]
[White "Valentini, Paola"]
[Black "Favero, Graziano"]
[Result "0-1"]
[WhiteElo "1790"]
[BlackElo "1751"]
[PlyCount "78"]
[EventDate "2005.02.25"]

1. c4 e5 2. Nc3 d6 3. g3 f5 4. Bg2 Nf6 5. d3 Be7 6. Nf3 O-O 7. O-O Qe8 8. b4 c6
9. Rb1 Qh5 10. Ba3 e4 11. Nd4 e3 12. Nf3 exf2+ 13. Kh1 Ng4 14. Qd2 f4 15. Ne4
d5 16. cxd5 cxd5 17. Nxf2 Nxf2+ 18. Kg1 fxg3 19. hxg3 Nh3+ 20. Bxh3 Qxh3 21.
Rf2 Nc6 22. b5 Bxa3 23. bxc6 bxc6 24. Qc3 Be7 25. Qxc6 Be6 26. Rg2 Rac8 27. Qa6
Rxf3 28. exf3 Bc5+ 29. Rf2 Qxg3+ 30. Kh1 Qh3+ 31. Kg1 Bxf2+ 32. Kxf2 Qh2+ 33.
Ke3 Qe5+ 34. Kd2 Qc3+ 35. Ke3 d4+ 36. Ke4 Re8 37. Kf4 Qc7+ 38. Kg5 Qe5+ 39. Kh4
Qf4+ 0-1

[Event "V Open Alta Padovana B"]
[Site "Loreggia ITA"]
[Date "2005.02.27"]
[Round "5"]
[White "Bressan, Marco"]
[Black "Molena, Paolo"]
[Result "0-1"]
[WhiteElo "1587"]
[BlackElo "1541"]
[PlyCount "104"]
[EventDate "2005.02.25"]

1. d4 b5 2. e4 Bb7 3. f3 a6 4. Bf4 e6 5. Nd2 Nf6 6. a3 Be7 7. Be2 c5 8. dxc5
Bxc5 9. Nb3 Bb6 10. Bg5 h6 11. Bh4 g5 12. Bf2 Bxf2+ 13. Kxf2 Qb6+ 14. Qd4 Qxd4+
15. Nxd4 Nc6 16. c3 Rc8 17. Bd3 d5 18. Nxc6 Rxc6 19. Ne2 dxe4 20. Bxe4 Nxe4+
21. fxe4 e5 22. Ke3 O-O 23. g4 Bc8 24. h3 Rd8 25. Ng3 Rcd6 26. Rab1 Rd3+ 27.
Kf2 Rd2+ 28. Ne2 Bb7 29. Rhf1 Bxe4 30. Rbe1 Rxb2 31. Ke3 Bh7 32. Rf6 Rd3+ 33.
Kf2 Rxh3 34. Rxa6 Kg7 35. Rb6 Rxc3 36. a4 Rcb3 37. a5 Ra3 38. a6 Rba2 39. Rxb5
Rxa6 40. Rxe5 R6a4 41. Kf3 R2a3+ 42. Kf2 Rxg4 43. Rd1 Ra2 44. Kf3 Rc4 45. Rd7
Kf6 46. Rb5 Be4+ 47. Kf2 Kg7 48. Re5 Bg6 49. Ree7 Re4 50. Kf3 Rxe7 51. Rxe7
Ra3+ 52. Kg4 Kf6 0-1

[Event "V Open Alta Padovana B"]
[Site "Loreggia ITA"]
[Date "2005.02.27"]
[Round "5"]
[White "Colombo, Luca"]
[Black "De Minico, Nicola"]
[Result "1-0"]
[WhiteElo "1640"]
[BlackElo "1646"]
[PlyCount "57"]
[EventDate "2005.02.25"]

1. e4 d5 2. exd5 Nf6 3. Nf3 Nxd5 4. Bc4 c6 5. O-O e6 6. d4 Be7 7. Bd3 O-O 8. c4
Nf6 9. b3 c5 10. Bb2 Nc6 11. dxc5 Bxc5 12. Nc3 Qe7 13. a3 a5 14. Qc2 e5 15. Ne4
Nxe4 16. Bxe4 f5 17. Bxc6 bxc6 18. Nxe5 Qc7 19. Qc3 Be6 20. Nxc6 Rf7 21. Ne5
Re7 22. Nd3 Ba7 23. Rad1 Rae8 24. Rfe1 Qb6 25. Re2 Rb8 26. Nc1 f4 27. Rde1 Rbe8
28. Nd3 Rf8 29. Rxe6 1-0

[Event "V Open Alta Padovana B"]
[Site "Loreggia ITA"]
[Date "2005.02.27"]
[Round "5"]
[White "De Vries, Bernhard"]
[Black "Valentini, Paola"]
[Result "0-1"]
[WhiteElo "1604"]
[BlackElo "1790"]
[PlyCount "70"]
[EventDate "2005.02.25"]

1. d4 Nf6 2. c4 e6 3. Nc3 Bb4 4. Qc2 h6 5. a3 Bxc3+ 6. Qxc3 b6 7. Nf3 Bb7 8.
Bf4 O-O 9. e3 d6 10. h3 Nbd7 11. Be2 Re8 12. O-O Ne4 13. Qc2 Ndf6 14. Nd2 Nxd2
15. Qxd2 Qe7 16. Rfe1 Rad8 17. Bf3 Bxf3 18. gxf3 Nh5 19. Bg3 Qg5 20. Kh2 Nf6
21. Rg1 Qh5 22. Qd1 c5 23. Rc1 cxd4 24. exd4 e5 25. d5 e4 26. fxe4 Qxd1 27.
Rcxd1 Rxe4 28. b3 Nh5 29. Rge1 Nxg3 30. Kxg3 Rde8 31. Rxe4 Rxe4 32. Rd3 f5 33.
Re3 f4+ 34. Kf3 fxe3 35. fxe3 Re5 0-1

[Event "V Open Alta Padovana B"]
[Site "Loreggia ITA"]
[Date "2005.02.27"]
[Round "5"]
[White "Demiraj, Rumi"]
[Black "Mihalcea, Vasile"]
[Result "1-0"]
[WhiteElo "1967"]
[BlackElo "1661"]
[PlyCount "41"]
[EventDate "2005.02.25"]

1. e4 d6 2. d4 c6 3. Bd3 Nf6 4. Ne2 Qb6 5. O-O Nbd7 6. b3 e5 7. c3 Qd8 8. f4
Ng4 9. h3 h5 10. Qe1 Ngf6 11. f5 Qb6 12. Nd2 Be7 13. Nc4 Qc7 14. Ba3 b5 15. Nd2
Qb6 16. Nf3 c5 17. Bb2 Bb7 18. Nd2 d5 19. exd5 Nxd5 20. Qf2 Qh6 21. Nf3 {...}
1-0

[Event "V Open Alta Padovana B"]
[Site "Loreggia ITA"]
[Date "2005.02.27"]
[Round "5"]
[White "Fogliato, Denis"]
[Black "Bonani, Georg"]
[Result "1/2-1/2"]
[WhiteElo "1599"]
[BlackElo "1892"]
[PlyCount "206"]
[EventDate "2005.02.25"]

1. d4 Nf6 2. c4 g6 3. Nc3 Bg7 4. e4 d6 5. Nf3 O-O 6. Be2 e5 7. O-O Nc6 8. d5
Ne7 9. Ne1 Ne8 10. Be3 f5 11. f3 f4 12. Bf2 g5 13. b4 Nf6 14. Qd2 h5 15. Nd3
Ng6 16. Rfc1 Rf7 17. c5 Bf8 18. cxd6 cxd6 19. a4 g4 20. Kf1 Rh7 21. Ne1 h4 22.
fxg4 Bxg4 23. h3 Bxh3 24. gxh3 Qd7 25. Qd3 Bh6 26. Nf3 Qxh3+ 27. Ke1 Ng4 28.
Ng1 Qxd3 29. Bxd3 f3 30. Rc2 Nf4 31. Bf1 Ng2+ 32. Bxg2 fxg2 33. Bxh4 Ne3 34.
Rca2 Rc8 35. Kd2 Nxd5+ 36. Ke1 Nxc3 37. Rxg2+ Kf7 38. Bf2 b6 39. Rg4 Rc4 40.
Ra3 Rxe4+ 41. Rxe4 Nxe4 42. Ne2 Nxf2 43. Kxf2 Ke6 44. b5 Rc7 45. Rc3 Rxc3 46.
Nxc3 d5 47. Ke2 d4 48. Ne4 Kd5 49. Kd3 Bg7 50. Ng5 Kd6 51. Ne4+ Ke6 52. Ng3 Bh6
53. Ne4 Bf4 54. Kc4 d3 55. Kxd3 Kd5 56. Nf6+ Kc5 57. Kc3 Bh6 58. Ne4+ Kd5 59.
Nf6+ Ke6 60. Ne4 Kf5 61. Kd3 Bf8 62. Ng3+ Kf4 63. Ne4 Be7 64. Nf2 Bc5 65. Ne4
Bd4 66. Nd6 Bc5 67. Ne4 Bb4 68. Nf6 Kf5 69. Ne4 Ke6 70. Kc4 Be1 71. Kd3 Kd5 72.
Nf6+ Kc5 73. Nd7+ Kb4 74. Nxe5 Kxa4 75. Kc4 a6 76. bxa6 b5+ 77. Kd3 Bf2 78. Kc2
Ka5 79. Kb3 Kxa6 80. Nd3 Bd4 81. Nb4+ Kb6 82. Nd3 Bc5 83. Ka2 b4 84. Nc1 Kb5
85. Nb3 Kc4 86. Na5+ Kc3 87. Nb3 Bb6 88. Na1 Bd4 89. Nb3 Be5 90. Na5 Kc2 91.
Nb3 Bc7 92. Na1+ Kc3 93. Nb3 Bf4 94. Na5 Kc2 95. Nb3 Be3 96. Na5 Bb6 97. Nb3
Kc3 98. Na1 Be3 99. Nb3 Kc2 100. Na1+ Kc1 101. Nb3+ Kd1 102. Na5 Kc2 103. Nb3
Bf4 1/2-1/2

[Event "V Open Alta Padovana B"]
[Site "Loreggia ITA"]
[Date "2005.02.27"]
[Round "5"]
[White "Fracasso Pezzolato, Michele"]
[Black "Favero, Graziano"]
[Result "1/2-1/2"]
[WhiteElo "1685"]
[BlackElo "1751"]
[PlyCount "75"]
[EventDate "2005.02.25"]

1. e4 d6 2. d4 Nf6 3. f3 g6 4. Nc3 Bg7 5. Be3 c6 6. Nge2 b5 7. Nf4 Qa5 8. a3
Nbd7 9. Nd3 Bb7 10. Qd2 Qc7 11. a4 a6 12. Be2 Nb6 13. b3 O-O 14. a5 Nbd7 15. b4
Rac8 16. Ra2 e5 17. dxe5 dxe5 18. O-O Nh5 19. f4 exf4 20. Nxf4 Nxf4 21. Bxf4
Be5 22. Bg4 Bxf4 23. Rxf4 Rcd8 24. Qf2 Ne5 25. Ra1 Qe7 26. Qc5 Qxc5+ 27. bxc5
Nxg4 28. Rxg4 Rd2 29. e5 Rxc2 30. Ne4 Bc8 31. Rh4 Kg7 32. Rf1 Rc4 33. Rff4 h6
34. Nd6 Rxf4 35. Rxf4 Be6 36. Kf2 f6 37. exf6+ Kh7 38. Ke3 1/2-1/2

[Event "V Open Alta Padovana B"]
[Site "Loreggia ITA"]
[Date "2005.02.27"]
[Round "5"]
[White "Gerundino, Nicola"]
[Black "Bonollo, Sergio"]
[Result "0-1"]
[WhiteElo "1826"]
[BlackElo "1859"]
[PlyCount "88"]
[EventDate "2005.02.25"]

1. e4 g6 2. d4 Bg7 3. Nc3 d6 4. Be3 Nf6 5. h3 b6 6. f4 Bb7 7. Bd3 O-O 8. Qd2 c5
9. d5 Ba6 10. Bxa6 Nxa6 11. Nge2 Nc7 12. g4 b5 13. Ng3 Nd7 14. h4 b4 15. Nd1
Nb5 16. h5 f6 17. hxg6 hxg6 18. e5 fxe5 19. Qd3 Kf7 20. Qxb5 exf4 21. Bxf4 g5
22. Bd2 Qc7 23. Nf5 Rh8 24. Rf1 Rh2 25. Nf2 Rah8 26. a3 Ne5 27. Qe2 a5 28. axb4
cxb4 29. c3 Rd8 30. Qe4 Qb7 31. Rxa5 bxc3 32. Bxc3 Qc7 33. Ra4 Rc8 34. Rh1
Rxh1+ 35. Nxh1 Qd7 36. Rd4 Ra8 37. Nhg3 Bf8 38. Rd1 Ra4 39. Rd4 Ra1+ 40. Kf2
Qa7 41. Kg2 Ra2 42. Rd2 Ra1 43. Ne3 Ng6 44. Qe6+ Ke8 0-1

[Event "V Open Alta Padovana B"]
[Site "Loreggia ITA"]
[Date "2005.02.27"]
[Round "5"]
[White "Giordan, Daniele"]
[Black "Omeri, Silvan"]
[Result "0-1"]
[WhiteElo "1732"]
[BlackElo "1600"]
[PlyCount "85"]
[EventDate "2005.02.25"]

1. e4 c5 2. Nc3 Nc6 3. g3 d6 4. Bg2 g6 5. Nf3 Bg7 6. O-O a6 7. d3 Nf6 8. Be3
O-O 9. Qd2 Ng4 10. Rab1 Rb8 11. h3 Nxe3 12. fxe3 Qa5 13. a3 b5 14. b4 cxb4 15.
axb4 Qb6 16. Nd5 Qa7 17. d4 e6 18. Nf4 Bb7 19. Qf2 Ne7 20. Nd2 Rbc8 21. Rfc1
Rc3 22. Kh2 Rfc8 23. Rb2 Bh6 24. Nb1 e5 25. Nxc3 exf4 26. Ne2 fxe3 27. Qf6 Nc6
28. Rf1 Ba8 29. c3 Qc7 30. h4 Re8 31. h5 Nd8 32. hxg6 hxg6 33. d5 Re5 34. Rh1
Bg5 35. Qf3 Qc4 36. Qg4 Rxd5 37. Qh3 Rd2 38. Kg1 Kf8 39. Qd7 Qxe2 40. Rxd2 exd2
41. Rh8+ Kg7 42. Qe8 d1=Q+ 43. Kh2 0-1

[Event "V Open Alta Padovana B"]
[Site "Loreggia ITA"]
[Date "2005.02.27"]
[Round "5"]
[White "Menin, Massimo"]
[Black "Scandiuzzi, Roberto"]
[Result "1-0"]
[WhiteElo "1538"]
[BlackElo "1560"]
[PlyCount "63"]
[EventDate "2005.02.25"]

1. e4 e6 2. d4 d5 3. exd5 exd5 4. Nf3 Bg4 5. Be2 Nf6 6. O-O Bd6 7. Bg5 O-O 8.
Re1 Nbd7 9. h3 Bh5 10. Nc3 c6 11. a3 Qc7 12. b4 h6 13. Bxf6 Nxf6 14. Nh4 Bg6
15. Nxg6 fxg6 16. Bd3 g5 17. Bg6 g4 18. hxg4 Qd7 19. Bf5 Qc7 20. Re3 Bf4 21.
Rh3 Bg5 22. Ne2 Rae8 23. Qd3 Qd6 24. c4 dxc4 25. Qxc4+ Nd5 26. Qd3 Rxf5 27.
gxf5 Nf4 28. Nxf4 Qxf4 29. Qb3+ Kh8 30. Rf3 Qxd4 31. Rd1 Bd2 32. Rd3 1-0

[Event "V Open Alta Padovana B"]
[Site "Loreggia ITA"]
[Date "2005.02.27"]
[Round "5"]
[White "Pomaro, Stefano"]
[Black "Dal Maschio, Costantino"]
[Result "0-1"]
[WhiteElo "1723"]
[BlackElo "1844"]
[PlyCount "71"]
[EventDate "2005.02.25"]

1. e4 c5 2. Nf3 d6 3. Bb5+ Bd7 4. a4 Nf6 5. Qe2 g6 6. O-O Bg7 7. e5 dxe5 8.
Nxe5 O-O 9. Nxd7 Nfxd7 10. Nc3 a6 11. Bxd7 Qxd7 12. Ne4 Qc6 13. d3 Nd7 14. a5
Rfe8 15. c3 e5 16. Bd2 f5 17. Ng3 Nf6 18. Rfe1 Rad8 19. Bg5 Rc8 20. Qd2 Rcd8
21. Qc2 Qb5 22. c4 Qc6 23. f3 h6 24. Bd2 h5 25. Bc3 h4 26. Nh1 Nh5 27. Nf2 Nf4
28. Re3 Qf6 29. Rae1 Qg5 30. Nd1 h3 31. g3 Ng2 32. Qe2 f4 33. Re4 Nxe1 34. Qxe1
Rxd3 35. Nf2 fxg3 36. Ng4 0-1

[Event "V Open Alta Padovana B"]
[Site "Loreggia ITA"]
[Date "2005.02.27"]
[Round "5"]
[White "Sanavio, Giancarlo"]
[Black "Bellemo, Davide"]
[Result "0-1"]
[WhiteElo "1685"]
[BlackElo "1742"]
[PlyCount "76"]
[EventDate "2005.02.25"]

1. Nf3 Nf6 2. c4 e6 3. g3 d5 4. Bg2 Bd6 5. O-O O-O 6. Qc2 Nbd7 7. cxd5 exd5 8.
Nc3 c6 9. d4 Re8 10. a4 Qe7 11. Nh4 Bb4 12. Nf5 Qe6 13. Bh3 Kh8 14. Na2 Bf8 15.
Kg2 Nb6 16. g4 Qxe2 17. Qxe2 Rxe2 18. Ne3 Nc4 19. Nxc4 dxc4 20. Nc3 Rc2 21. Kf3
h5 22. Ke3 Nxg4+ 23. Bxg4 Bxg4 24. Kf4 Bd6+ 25. Kg5 Re8 26. f3 Bh3 27. Rd1 Rg2+
28. Kxh5 Rxh2 29. Rd2 Rh1 30. Rd1 Bg2+ 31. Rxh1 Bxh1 32. Kg4 Re1 33. Ne4 Be7
34. Nd2 Rg1+ 35. Kh3 Bg5 36. Kh2 Rd1 37. Nxc4 Bxc1 38. Ne5 Bf4+ 0-1

[Event "V Open Alta Padovana B"]
[Site "Loreggia ITA"]
[Date "2005.02.27"]
[Round "5"]
[White "Tencheni, Maurizio"]
[Black "Quaranta, Gaetano"]
[Result "1-0"]
[WhiteElo "1551"]
[BlackElo "1751"]
[PlyCount "59"]
[EventDate "2005.02.25"]

1. d4 Nf6 2. c4 g6 3. Nc3 Bg7 4. e4 d6 5. Nf3 O-O 6. Be2 e5 7. d5 Nbd7 8. O-O
Nc5 9. Nd2 a5 10. g4 Bd7 11. f3 Ne8 12. Nb3 Nxb3 13. Qxb3 b6 14. Be3 Nf6 15.
Qd1 h5 16. h3 hxg4 17. hxg4 Nh7 18. Qd2 Qh4 19. Kg2 Qe7 20. Rh1 Nf6 21. Bh6 Ne8
22. Bxg7 Nxg7 23. Qh6 f5 24. gxf5 gxf5 25. Rag1 f4 26. Kf2 Qf6 27. Qh7+ Kf7 28.
Rh6 Qd8 29. Rxg7+ Ke8 30. Qg6+ 1-0